| 000 | 01342nam a2200349 a 4500 | ||
|---|---|---|---|
| 001 | 000111286 | ||
| 003 | CHAP | ||
| 005 | 20220329144205.0 | ||
| 008 | 150126s2014 mx a |sm |||||||spa d | ||
| 010 | _a107748 | ||
| 011 | _a108720 | ||
| 040 | _cCHAP | ||
| 090 | _aTesis | ||
| 100 | 1 |
_aGarcía Hilario, Fabiana _9129116 |
|
| 245 | 1 | 0 |
_aAgrícultura Campecina: _h[En línea] _bla crisis de la milpa y la erosión biológica y cultural en San Juan de las Nieves, Manilaltepec, Guerrero / _cpor Fabiana García Hilario. |
| 260 |
_aSan Cristobal de las Casa, Chis. : _bEl autor, _c2014. |
||
| 500 | _aPara ver el contenido del material haga clic en la liga | ||
| 502 | _aTesis (M.C. en Desarrollo Rural Regional) -- UACH. Dirección General de Centros Regionales | ||
| 590 |
_aE11695DGD _b10 _c20150129 _lUCH01 _h1504 |
||
| 590 |
_aE11695DGD _b10 _c20150129 _lUCH01 _h1504 |
||
| 590 |
_aE5652GLJ _b05 _c20150126 _lUCH01 _h1500 |
||
| 590 |
_aE5652GLJ _b05 _c20150126 _lUCH01 _h1501 |
||
| 590 |
_aE5652GLJ _b05 _c20150128 _lUCH01 _h0920 |
||
| 650 | 1 | 4 |
_aCultivos _xVariedades. _930332 |
| 650 | 1 | 4 |
_aMaíz _xMalas hierbas _xControl. _971003 |
| 650 | 1 | 4 |
_aMaíz _zGuerrero. _971092 |
| 650 | 1 | 4 |
_aSuelos _xErosión. _9110357 |
| 856 |
_aFinding aid _uhttp://10.13.5.2/tesis/sist111286.pdf _zTeclea aquí |
||
| 901 | _aBK | ||
| 942 | _cTESIS | ||
| 942 | _n0 | ||
| 999 |
_c107748 _d107748 |
||